000 00269nam a22001097a 4500
008 180806b xxu||||| |||| 00| 0 eng d
082 _a813.52
245 _aThe Decision Tools and StatTools Suite
_cPalisade
300 _a1
_fCD
440 _x0534359191
942 _2ddc
_cMX
999 _c46811
_d46811